[Event "Vojvodina Cup"]
[Site "Sombor"]
[Date "2008.05.04"]
[Round "5.4"]
[White "Saric, Sinisa"]
[Black "Scepanovic, Rade"]
[Result "1-0"]
[WhiteElo "2348"]
[BlackElo "2280"]
[PlyCount "55"]
[EventDate "2008.05.01"]
[EventType "team-tourn"]
[EventRounds "5"]
[EventCountry "YUG"]
[SourceTitle "EXT 2011"]
[Source "ChessBase"]
[SourceDate "2010.11.26"]
[SourceVersion "1"]
[SourceVersionDate "2010.11.26"]
[SourceQuality "1"]

1. d4 d5 2. c4 c6 3. Nc3 Nf6 4. e3 a6 5. Qc2 e6 6. Nf3 c5 7. cxd5 exd5 8. Be2 Nc6 9. 0-0 cxd4 10. Nxd4 Nxd4 11. exd4 Be7 12. Qb3 b5 13. Bg5 Be6 14. Bf3 0-0 15. Bxf6 Bxf6 16. Bxd5 Bxd5 17. Nxd5 Bxd4 18. Rad1 Ba7 19. Kh1 Re8 20. f4 Rc8 21. f5 Qg5 22. f6 Rc4 23. Ne7+ Kh8 24. Nf5 Bb8 25. fxg7+ Kg8 26. Qd3 Rce4 27. Qd5 Qg6 28. Qxe4 1-0

[Event "Vojvodina Cup"]
[Site "Sombor"]
[Date "2008.05.01"]
[Round "1.5"]
[White "Scepanovic, Rade"]
[Black "Popchev, Milko"]
[Result "1/2-1/2"]
[WhiteElo "2280"]
[BlackElo "2426"]
[PlyCount "84"]
[EventDate "2008.05.01"]
[EventType "team-tourn"]
[EventRounds "5"]
[EventCountry "YUG"]
[SourceTitle "EXT 2011"]
[Source "ChessBase"]
[SourceDate "2010.11.26"]
[SourceVersion "1"]
[SourceVersionDate "2010.11.26"]
[SourceQuality "1"]

1. d4 d6 2. c4 e5 3. Nf3 e4 4. Ng5 f5 5. f3 Be7 6. Nh3 Nf6 7. Nc3 c6 8. d5 0-0 9. Nf2 Na6 10. Be3 Re8 11. Qd2 Nh5 12. fxe4 f4 13. Bxf4 Nxf4 14. Qxf4 Bg5 15. Qg3 Nb4 16. Kd1 Rf8 17. Nd3 a5 18. h4 Bf6 19. a3 Nxd3 20. Qxd3 Be5 21. g3 Rf6 22. h5 Bg4 23. Kc2 Qd7 24. Rd1 Raf8 25. dxc6 bxc6 26. c5 Rb8 27. cxd6 Rxd6 28. Qc4+ Be6 29. Rxd6 Qxd6 30. Qd3 Qe7 31. Bh3 Bb3+ 32. Kc1 a4 33. Rf1 Rd8 34. Qe3 Qd6 35. Kb1 h6 36. Bf5 Qd2 37. Qxd2 Rxd2 38. g4 Rd8 39. Rf3 Bxc3 40. Rxc3 Rd1+ 41. Rc1 Ba2+ 42. Kc2 Bb3+ 1/2-1/2

[Event "Belgrade Winter op"]
[Site "Belgrade"]
[Date "2008.01.29"]
[Round "8"]
[White "Scepanovic, Rade"]
[Black "Milin, Dragan"]
[Result "1-0"]
[WhiteElo "2284"]
[BlackElo "2129"]
[PlyCount "83"]
[EventDate "2008.01.22"]
[EventType "swiss"]
[EventRounds "9"]
[EventCountry "YUG"]
[SourceTitle "CBM 122 Extra"]
[Source "ChessBase"]
[SourceDate "2008.03.04"]
[SourceVersion "1"]
[SourceVersionDate "2008.03.04"]
[SourceQuality "1"]

1. d4 d5 2. c4 e6 3. Nc3 c6 4. e4 dxe4 5. Nxe4 Bb4+ 6. Bd2 Qxd4 7. Bxb4 Qxe4+ 8. Be2 Nd7 9. Qd6 Qxg2 10. Bf3 Qg5 11. Ne2 Qf6 12. Be4 e5 13. Qd3 c5 14. Bc3 Ne7 15. 0-0-0 Nc6 16. f4 Nd4 17. Rhf1 Qa6 18. Kb1 Nb6 19. fxe5 Bg4 20. Nxd4 cxd4 21. e6 Bxe6 22. Qxd4 Qxc4 23. Bxb7 Qxd4 24. Bxd4 0-0 25. Bxa8 Rxa8 26. Bxb6 axb6 27. b3 g5 28. Rd6 Rb8 29. Rc1 g4 30. Rcc6 h5 31. Rxb6 Rxb6 32. Rxb6 h4 33. Rc6 Bd7 34. Rd6 Bf5+ 35. Kc1 g3 36. hxg3 hxg3 37. Rd1 g2 38. Kd2 Be4 39. Ke3 f5 40. Rg1 Kf7 41. Kf2 f4 42. Rxg2 1-0

[Event "Belgrade Winter op"]
[Site "Belgrade"]
[Date "2008.01.26"]
[Round "5"]
[White "Scepanovic, Rade"]
[Black "Pantovic, Dragan M"]
[Result "1-0"]
[WhiteElo "2284"]
[BlackElo "2171"]
[PlyCount "43"]
[EventDate "2008.01.22"]
[EventType "swiss"]
[EventRounds "9"]
[EventCountry "YUG"]
[SourceTitle "CBM 122 Extra"]
[Source "ChessBase"]
[SourceDate "2008.03.04"]
[SourceVersion "1"]
[SourceVersionDate "2008.03.04"]
[SourceQuality "1"]

1. d4 Nf6 2. c4 e6 3. Nf3 b6 4. g3 Ba6 5. Qc2 Bb7 6. Bg2 c5 7. d5 exd5 8. cxd5 Nxd5 9. 0-0 Nc7 10. Rd1 Be7 11. Nc3 0-0 12. Ng5 Bxg5 13. Bxb7 Bxc1 14. Raxc1 a6 15. Bxa8 Nxa8 16. Rd2 Nc7 17. Rcd1 Qg5 18. Nd5 Nxd5 19. Rxd5 Qe7 20. e3 g6 21. Rd6 Qd8 22. h4 1-0

[Event "Belgrade Winter op"]
[Site "Belgrade"]
[Date "2008.01.22"]
[Round "1"]
[White "Scepanovic, Rade"]
[Black "Lukovic, Vladimir"]
[Result "1/2-1/2"]
[WhiteElo "2284"]
[BlackElo "1943"]
[PlyCount "95"]
[EventDate "2008.01.22"]
[EventType "swiss"]
[EventRounds "9"]
[EventCountry "YUG"]
[SourceTitle "CBM 122 Extra"]
[Source "ChessBase"]
[SourceDate "2008.03.04"]
[SourceVersion "1"]
[SourceVersionDate "2008.03.04"]
[SourceQuality "1"]

1. d4 Nf6 2. c4 g6 3. Nc3 Bg7 4. e4 0-0 5. Nf3 d6 6. Be2 e5 7. Be3 exd4 8. Nxd4 Re8 9. f3 c6 10. Bf2 d5 11. exd5 cxd5 12. 0-0 Nc6 13. c5 Qe7 14. a3 Bh6 15. Bb5 Bd7 16. Re1 Qf8 17. Qa4 Bd2 18. Rxe8 Qxe8 19. Nc2 Qe5 20. Bg3 Qf5 21. Rd1 d4 22. Rxd2 dxc3 23. bxc3 Qxc5+ 24. Bf2 Qxc3 25. Qf4 Bf5 26. Bxc6 Qxc6 27. Ne3 Re8 28. g4 Bc8 29. Kg2 Nd7 30. Nd5 Qe6 31. Qh6 Qd6 32. g5 Qf8 33. Qh4 b6 34. Bd4 Bb7 35. Nf6+ Nxf6 36. Bxf6 Qxa3 37. Rf2 Re2 38. Qf4 Rxf2+ 39. Kxf2 Qc5+ 40. Bd4 Qc2+ 41. Kg3 Qf5 42. Qb8+ Bc8 43. Bf6 Qd7 44. Qe5 Qe6 45. Qb8 Qe1+ 46. Kg2 Qe2+ 47. Kg3 Qe1+ 48. Kg2 1/2-1/2

[Event "Belgrade Trophy 20th"]
[Site "Belgrade"]
[Date "2007.11.27"]
[Round "6"]
[White "Scepanovic, Rade"]
[Black "Perunovic, Miodrag"]
[Result "0-1"]
[WhiteElo "2250"]
[BlackElo "2407"]
[PlyCount "106"]
[EventDate "2007.11.22"]
[EventType "swiss"]
[EventRounds "9"]
[EventCountry "YUG"]
[SourceTitle "CBM 121 Extra"]
[Source "ChessBase"]
[SourceDate "2008.01.10"]
[SourceVersion "1"]
[SourceVersionDate "2008.01.10"]
[SourceQuality "1"]

1. d4 Nf6 2. c4 e6 3. Nf3 b6 4. g3 Ba6 5. Qc2 Bb7 6. Bg2 c5 7. d5 exd5 8. cxd5 Nxd5 9. 0-0 Be7 10. Rd1 Nc6 11. Qf5 Nf6 12. Nc3 0-0 13. e4 g6 14. Qf4 d6 15. b3 Nh5 16. Qe3 Bf6 17. Bb2 Nd4 18. Nxd4 cxd4 19. Rxd4 Bxd4 20. Qxd4 Qf6 21. Qd2 Qe7 22. Nb5 Rad8 23. Rc1 f6 24. Rc7 Rd7 25. Rxd7 Qxd7 26. Nxd6 Rd8 27. e5 Bxg2 28. Kxg2 Qe6 29. f4 Ng7 30. Qc2 fxe5 31. fxe5 Qd5+ 32. Kg1 Ne6 33. Qc4 Qxc4 34. bxc4 Rf8 35. Kg2 Nc5 36. Bd4 Ne6 37. Be3 Rd8 38. Kf3 Kf8 39. Ke4 Ke7 40. Bh6 Kd7 41. h4 Kc6 42. Be3 Rf8 43. Bf4 Kc5 44. a3 Nc7 45. Be3+ Kc6 46. Bf4 a6 47. Kd4 b5 48. cxb5+ axb5 49. Ke4 Ra8 50. Bc1 Ra4+ 51. Kd3 Kd5 52. Nf7 Ne6 53. Nd6 Rg4 0-1

[Event "Belgrade Trophy 20th"]
[Site "Belgrade"]
[Date "2007.11.26"]
[Round "5"]
[White "Ostojic, Nikola"]
[Black "Scepanovic, Rade"]
[Result "0-1"]
[WhiteElo "2414"]
[BlackElo "2250"]
[PlyCount "49"]
[EventDate "2007.11.22"]
[EventType "swiss"]
[EventRounds "9"]
[EventCountry "YUG"]
[SourceTitle "CBM 121 Extra"]
[Source "ChessBase"]
[SourceDate "2008.01.10"]
[SourceVersion "1"]
[SourceVersionDate "2008.01.10"]
[SourceQuality "1"]

1. c4 c6 2. e4 d5 3. exd5 cxd5 4. d4 Nf6 5. Nc3 e6 6. Nf3 Bb4 7. cxd5 Nxd5 8. Bd2 0-0 9. Bd3 Be7 10. 0-0 b6 11. Qe2 Nxc3 12. bxc3 Bb7 13. Rad1 Nd7 14. c4 Qc7 15. Bc1 Rfe8 16. Bb2 Rac8 17. Nd2 Nf8 18. Qe3 Ng6 19. g3 Nf8 20. Be4 Bxe4 21. Qxe4 Qd7 22. Rc1 Bf6 23. Nf3 Red8 24. Rfd1 Ng6 25. h4 0-1

[Event "Boskovic Memorial op 7th"]
[Site "Belgrade"]
[Date "2006.10.04"]
[Round "3"]
[White "Scepanovic, Rade"]
[Black "Bogosavljevic, Boban"]
[Result "0-1"]
[WhiteElo "2196"]
[BlackElo "2375"]
[PlyCount "30"]
[EventDate "2006.10.02"]
[EventType "swiss"]
[EventRounds "9"]
[EventCountry "YUG"]
[SourceTitle "CBM 114 Extra"]
[Source "ChessBase"]
[SourceDate "2006.11.03"]
[SourceVersion "1"]
[SourceVersionDate "2006.11.03"]
[SourceQuality "1"]

1. d4 Nf6 2. c4 d6 3. Nf3 Nbd7 4. Nc3 e5 5. e4 Be7 6. Be2 0-0 7. 0-0 exd4 8. Nxd4 Re8 9. Qc2 Bf8 10. Rb1 a5 11. b3 g6 12. f3 Bg7 13. h3 c6 14. Qd2 Qe7 15. Nc2 Ne5 0-1